000 00348 a2200109 4500
001 ART_46064
005 20260410161731.0
008 260409a
245 1 0 _aPuertos y reportes de sostenibilidad
100 1 _aSarro, Lucía Andrea
773 0 _tEscritos contables y de administración
_g- Vol. 5, Nº 2 (jul./dic. 2014)
_wREV2758
999 _c17849
_d17849